00581nam a22001697a 450000500170000001000150001702000260003203500140005803700130007208200130008510000210009824501070011926000530022627000840027930000210036370000270038420231121170743.0 aENG-133865 a9789357053129c699.00 aEN-117397 bDBAD/PUB a621.4023 aSarkar, Amitava  aIntroduction to Combustion Engineering:cBy Amitava Sarkar and Pranab kumar MondalbBasic and Applied/ aNoidabPearson India Education Services Pvt. Ltd a1st Floor, Berger Tower, Plot No. C-001A/2, Sector 16B,bUttar Pradesh e201301 a541p.c24cm(pbk) a Mondal, Kumar Pranab